|
|
|
|
| LEADER |
01298nam a2200301 u 4500 |
| 001 |
10119423 |
| 003 |
upatras |
| 005 |
20250307063423.0 |
| 008 |
160311s1996 us eng |
| 020 |
|
|
|a 0271016183
|
| 040 |
|
|
|a ΠΑΝΕΠΙΣΤΗΜΙΟ ΠΑΤΡΑΣ
|c ΠΑΝΕΠΙΣΤΗΜΙΟ ΠΑΤΡΑΣ
|
| 041 |
0 |
|
|a eng
|
| 082 |
0 |
4 |
|a 184
|
| 100 |
1 |
|
|a Griswold, Charles L.
|d 1951-
|4 aut
|9 149405
|
| 245 |
1 |
0 |
|a Self-knowledge in Plato's Phaedrus
|c Charles L. Griswold
|
| 260 |
|
|
|a University Park, Pennsylvania
|b Pennsylvania University Press
|c 1996
|
| 300 |
|
|
|a xiv, 321 σ.
|c 24 εκ.
|
| 504 |
|
|
|a Περιλαμβάνει βιβλιογραφία και ευρετήριο
|
| 650 |
|
4 |
|a Αυτογνωσία
|9 32752
|
| 650 |
|
4 |
|a Ψυχή
|9 34158
|
| 650 |
|
4 |
|9 42596
|a Ρητορική, Αρχαία
|
| 600 |
0 |
0 |
|a Σωκράτης,
|d 469 π.Χ.-399 π.Χ.
|9 11014
|
| 600 |
1 |
4 |
|a Λυσίας,
|d π. 450-π. 370
|9 92420
|
| 852 |
|
|
|a GR-PaULI
|b ΠΑΤΡΑ
|b ΦΙΛΟΣΟΦΙΑ
|k ΑΣΧΞ-4
|h 184 GRI
|m 11114
|p 025000186084
|t 1
|
| 942 |
|
|
|2 ddc
|c BK15
|
| 952 |
|
|
|0 0
|1 0
|4 0
|6 184_000000000000000_GRI
|7 0
|9 190228
|a PHIL
|b PHIL
|d 2016-04-24
|i 11114
|l 4
|m 3
|o 184 GRI
|p 025000186084
|q 2019-10-15
|r 2018-09-11 00:00:00
|s 2018-09-11
|t 1
|w 2016-04-24
|y BK15
|
| 998 |
|
|
|c ΚΑΝΕΛΛΟΠΟΥΛΟΥ
|d 2016-02
|
| 999 |
|
|
|c 117143
|d 117143
|